[Event "39. Rilton Cup 2009/2010"]
[Site "Stockholm SWE"]
[Date "2009.12.28"]
[Round "2.3"]
[White "Gavrilov, Alexei"]
[Black "Rozentalis, Eduardas"]
[Result "0-1"]
[WhiteElo "2481"]
[BlackElo "2611"]
[PlyCount "170"]
[EventDate "2009.12.27"]
[EventType "swiss"]
[EventRounds "9"]
[EventCountry "SWE"]
[Source "lmi"]
[SourceDate "2009.12.27"]

1. d4 Nf6 2. c4 e6 3. Nf3 Nc6 4. a3 d6 5. Nc3 g6 6. e4 Bg7 7. Be2 O-O 8. d5
exd5 9. cxd5 Nb8 10. Bg5 h6 11. Bh4 Re8 12. Nd2 c6 13. O-O cxd5 14. exd5 a6 15.
Re1 b5 16. Bg3 Nbd7 17. Nb3 Bb7 18. Bf3 Qb6 19. Qd2 Ne5 20. Bxe5 dxe5 21. Rad1
Rad8 22. h3 a5 23. Qd3 Ba6 24. Be2 a4 25. Nd2 e4 26. Ndxe4 Nxe4 27. Nxe4 Bxb2
28. d6 Bb7 29. Qc2 Bd4 30. Bf3 Bxe4 31. Rxe4 Rxe4 32. Bxe4 Rxd6 33. Rd3 Kg7 34.
Rf3 Be5 35. g3 Rd4 36. Kg2 Qd6 37. Qc6 b4 38. Qb7 Bf6 39. axb4 Rxb4 40. Qd5
Qxd5 41. Bxd5 Rd4 42. Ba2 Rd2 43. Bc4 Rc2 44. Bb5 Ra2 45. Bc4 Ra1 46. Rd3 Be7
47. Rf3 f6 48. Rd3 Rc1 49. Rd7 Kf8 50. Rc7 Bd8 51. Rc8 Ke7 52. Rc6 a3 53. Re6+
Kd7 54. Bb3 Rb1 55. Bc4 Rb4 56. Bd5 Rd4 57. Bb3 Be7 58. Ra6 Bd6 59. h4 g5 60.
hxg5 hxg5 61. Bg8 Rd2 62. Kf3 Bc5 63. Ke4 Rxf2 64. Be6+ Kc7 65. Kd5 Kb7 66. Ra4
Kb6 67. Ra8 Re2 68. Bf7 g4 69. Rb8+ Kc7 70. Rb5 Bd6 71. Kc4 Bxg3 72. Bd5 Rc2+
73. Kd3 Rb2 74. Ra5 Bd6 75. Be6 g3 76. Bd5 Kb6 77. Ra8 g2 78. Rg8 Kc5 79. Bxg2
a2 80. Rc8+ Kb5 81. Bc6+ Kb6 82. Ra8 Kxc6 83. Kc3 Rh2 84. Ra6+ Kd7 85. Kb3 Be5
0-1

[Event "39. Rilton Cup 2009/2010"]
[Site "Stockholm SWE"]
[Date "2009.12.28"]
[Round "2.4"]
[White "Popov, Valerij"]
[Black "Karlsson, Lars"]
[Result "1/2-1/2"]
[WhiteElo "2588"]
[BlackElo "2491"]
[PlyCount "56"]
[EventDate "2009.12.27"]
[EventType "swiss"]
[EventRounds "9"]
[EventCountry "SWE"]
[Source "lmi"]
[SourceDate "2009.12.27"]

1. d4 f5 2. Nf3 Nf6 3. g3 e6 4. Bg2 d5 5. O-O Bd6 6. c4 O-O 7. b3 b6 8. Qc2 Qe7
9. Bb2 c6 10. Nbd2 Bb7 11. Ne5 Nbd7 12. Nxd7 Qxd7 13. Rad1 Qe7 14. e3 Rac8 15.
Qc1 Rfd8 16. Qa1 a5 17. Rc1 Ra8 18. Qb1 Rf8 19. Qc2 Rac8 20. Rfd1 Ne4 21. f3
Nf6 22. Re1 c5 23. e4 dxe4 24. fxe4 cxd4 25. Qd3 fxe4 26. Nxe4 Bxe4 27. Bxe4 e5
28. Re2 Rcd8 1/2-1/2

[Event "39. Rilton Cup 2009/2010"]
[Site "Stockholm SWE"]
[Date "2009.12.28"]
[Round "2.5"]
[White "Akesson, Ralf"]
[Black "Ponkratov, Pavel"]
[Result "1-0"]
[WhiteElo "2454"]
[BlackElo "2575"]
[PlyCount "87"]
[EventDate "2009.12.27"]
[EventType "swiss"]
[EventRounds "9"]
[EventCountry "SWE"]
[Source "lmi"]
[SourceDate "2009.12.27"]

1. d4 Nf6 2. c4 e6 3. Nc3 Bb4 4. Qc2 c5 5. dxc5 Bxc5 6. Nf3 Qb6 7. e3 Qc7 8. b3
b6 9. Bb2 Bb7 10. Bd3 Be7 11. Ne4 Na6 12. Nxf6+ gxf6 13. Be2 Nc5 14. O-O Rg8
15. Rfd1 f5 16. Be5 Qc6 17. b4 Ne4 18. Qb3 d6 19. Bg3 Rd8 20. Rac1 a6 21. Nd4
Qc8 22. Nf3 Nxg3 23. hxg3 h5 24. c5 dxc5 25. Rxd8+ Bxd8 26. bxc5 bxc5 27. Ne5
Bf6 28. Qa4+ Kf8 29. Nd7+ Ke7 30. Nxc5 Qc6 31. Qxc6 Bxc6 32. Nxe6 Bxg2 33. Nf4
Be4 34. Rc7+ Kd6 35. Rxf7 Be5 36. Ra7 h4 37. Rxa6+ Kd7 38. Ng6 Bd6 39. Nxh4 Rb8
40. Ra7+ Ke6 41. Bc4+ Kf6 42. Rf7+ Kg5 43. f4+ Kg4 44. Rg7+ 1-0

[Event "39. Rilton Cup 2009/2010"]
[Site "Stockholm SWE"]
[Date "2009.12.28"]
[Round "2.6"]
[White "De Verdier, Michael"]
[Black "Ulibin, Mikhail"]
[Result "0-1"]
[WhiteElo "2270"]
[BlackElo "2548"]
[PlyCount "96"]
[EventDate "2009.12.27"]
[EventType "swiss"]
[EventRounds "9"]
[EventCountry "SWE"]
[Source "lmi"]
[SourceDate "2009.12.27"]

1. d4 e6 2. c4 f5 3. Nf3 Nf6 4. e3 d5 5. Bd3 c6 6. O-O Bd6 7. b3 Qe7 8. Bb2 O-O
9. Qc1 b6 10. Ba3 Bxa3 11. Qxa3 c5 12. Nbd2 Nc6 13. Rfc1 Bb7 14. cxd5 Nb4 15.
Bf1 exd5 16. Qb2 Ne4 17. Ne5 f4 18. Nxe4 dxe4 19. Bc4+ Kh8 20. exf4 Rxf4 21.
dxc5 Raf8 22. Rf1 bxc5 23. Rae1 R4f5 24. Ng4 Qh4 25. Re3 Rg5 26. h3 h5 27. Ne5
Qf4 28. Nd7 Rd8 29. h4 Nd3 30. Bxd3 Rxg2+ 31. Kxg2 exd3+ 32. Kg1 Qxh4 33. f3
Rxd7 34. Re8+ Kh7 35. Qe5 Rd5 36. Qe4+ Qxe4 37. fxe4 Rd4 38. Kf2 Bxe4 39. Ke3
Bg6 40. Re5 Rg4 41. Rxc5 Re4+ 42. Kf3 Re2 43. Rf2 Be4+ 44. Kf4 Rxf2+ 45. Kxe4
Kh6 46. a4 d2 47. Rd5 h4 48. Ke3 Rg2 0-1

[Event "39. Rilton Cup 2009/2010"]
[Site "Stockholm SWE"]
[Date "2009.12.28"]
[Round "2.7"]
[White "Bellon Lopez, Juan Manuel"]
[Black "Ionov, Sergey"]
[Result "1/2-1/2"]
[WhiteElo "2435"]
[BlackElo "2545"]
[PlyCount "106"]
[EventDate "2009.12.27"]
[EventType "swiss"]
[EventRounds "9"]
[EventCountry "SWE"]
[Source "lmi"]
[SourceDate "2009.12.27"]

1. d4 e6 2. Nf3 c5 3. e3 Nf6 4. Bd3 d5 5. c3 Nbd7 6. Nbd2 Be7 7. O-O O-O 8. Re1
b6 9. e4 dxe4 10. Nxe4 Bb7 11. dxc5 Nxc5 12. Nxc5 Bxc5 13. Bg5 h6 14. Bh4 Be7
15. Bxf6 Bxf6 16. Be4 Bxe4 17. Rxe4 Qc7 18. Qc2 Rfd8 19. Re2 Qc4 20. a3 Qd3 21.
Qxd3 Rxd3 22. Kf1 Rad8 23. Rc1 g5 24. h3 h5 25. Re4 Kg7 26. Ke2 R3d5 27. Rc2
Kg6 28. g4 Rd1 29. Rd2 R8xd2+ 30. Nxd2 Rh1 31. Re3 Rc1 32. Kd3 h4 33. Nc4 Rd1+
34. Kc2 Rf1 35. Rf3 Re1 36. a4 Re2+ 37. Kd1 Re4 38. b3 Be7 39. Re3 Rxe3 40.
Nxe3 f5 41. f3 Bc5 42. Nc4 Kf6 43. b4 Bg1 44. Ke2 Bh2 45. Kd3 Ke7 46. b5 Kf6
47. Ke3 Bg1+ 48. Ke2 Bc5 49. Kd3 Bg1 50. Ke2 Bc5 51. Kd3 Bg1 52. Ke2 Bc5 53.
Kd3 Bg1 1/2-1/2

[Event "39. Rilton Cup 2009/2010"]
[Site "Stockholm SWE"]
[Date "2009.12.28"]
[Round "2.8"]
[White "Richter, Michael"]
[Black "Grandelius, Nils"]
[Result "1-0"]
[WhiteElo "2412"]
[BlackElo "2540"]
[PlyCount "93"]
[EventDate "2009.12.27"]
[EventType "swiss"]
[EventRounds "9"]
[EventCountry "SWE"]
[Source "lmi"]
[SourceDate "2009.12.27"]

1. d4 Nf6 2. c4 g6 3. Nc3 d5 4. Qb3 dxc4 5. Qxc4 Bg7 6. e4 O-O 7. Be2 Nc6 8.
Nf3 Bg4 9. Be3 Bxf3 10. Bxf3 e5 11. O-O-O exd4 12. Bxd4 Nxd4 13. Qxd4 Bh6+ 14.
Kc2 Bf4 15. Qxd8 Raxd8 16. Nd5 Nxd5 17. Rxd5 Rxd5 18. exd5 Re8 19. Kd3 Kg7 20.
h3 Kf6 21. b4 a6 22. a4 Bd6 23. Rc1 Re7 24. Kc4 Re5 25. a5 Kg5 26. Rb1 Rf5 27.
Re1 h5 28. b5 Rf4+ 29. Re4 axb5+ 30. Kxb5 h4 31. Kc4 f5 32. Rxf4 Kxf4 33. Bd1
g5 34. Ba4 Ke4 35. Bc6 b5+ 36. Kxb5 Kd4 37. Ba8 g4 38. a6 f4 39. f3 gxh3 40.
gxh3 Bc5 41. Kc6 Bd6 42. Bb7 Bc5 43. Kxc7 Ke5 44. Kc6 Ba7 45. Bc8 Bg1 46. Be6
Bf2 47. Kb7 1-0

[Event "39. Rilton Cup 2009/2010"]
[Site "Stockholm SWE"]
[Date "2009.12.28"]
[Round "2.9"]
[White "Ivanov, Sergey"]
[Black "Berczes, Csaba"]
[Result "1-0"]
[WhiteElo "2530"]
[BlackElo "2379"]
[PlyCount "109"]
[EventDate "2009.12.27"]
[EventType "swiss"]
[EventRounds "9"]
[EventCountry "SWE"]
[Source "lmi"]
[SourceDate "2009.12.27"]

1. d4 Nf6 2. c4 e6 3. Nf3 Bb4+ 4. Nbd2 b6 5. a3 Bxd2+ 6. Bxd2 Ne4 7. Bf4 O-O 8.
e3 d6 9. Qc2 Bb7 10. Rd1 f5 11. Be2 Nd7 12. O-O g5 13. Bg3 Ndf6 14. c5 Bd5 15.
Bc4 Qe7 16. Bxd5 Nxd5 17. Rfe1 bxc5 18. dxc5 Nxc5 19. Nd4 a5 20. f3 a4 21. Nxf5
Rxf5 22. e4 Rff8 23. exd5 e5 24. Bf2 Ra5 25. Bxc5 Rxc5 26. Qxa4 Qf7 27. Qe4 Qf4
28. Qd3 Qc4 29. Qxc4 Rxc4 30. Rc1 Rd4 31. Red1 Rxd1+ 32. Rxd1 Rb8 33. b4 Kf7
34. Rc1 Rb7 35. Kf2 Ke7 36. Ke3 Kd7 37. Ke4 Rb8 38. Rc3 Rf8 39. g3 h5 40. a4 h4
41. b5 Ra8 42. Rc4 hxg3 43. hxg3 Rh8 44. a5 Rb8 45. a6 Rxb5 46. Ra4 Rb8 47. a7
Ra8 48. Kf5 c6 49. dxc6+ Kxc6 50. Kxg5 Kd7 51. Kf5 Kc6 52. g4 Kd7 53. Ra6 Rf8+
54. Ke4 Rf4+ 55. Ke3 1-0

[Event "39. Rilton Cup 2009/2010"]
[Site "Stockholm SWE"]
[Date "2009.12.28"]
[Round "2.10"]
[White "Miezis, Normunds"]
[Black "Semcesen, Daniel"]
[Result "1/2-1/2"]
[WhiteElo "2530"]
[BlackElo "2460"]
[PlyCount "84"]
[EventDate "2009.12.27"]
[EventType "swiss"]
[EventRounds "9"]
[EventCountry "SWE"]
[Source "lmi"]
[SourceDate "2009.12.27"]

1. c4 Nf6 2. Nc3 e5 3. g3 Bb4 4. Bg2 O-O 5. e4 Bxc3 6. dxc3 d6 7. Qe2 Nbd7 8.
Nf3 Nc5 9. Nd2 a6 10. b3 b5 11. Ba3 Nfd7 12. O-O bxc4 13. Nxc4 a5 14. Ne3 Ba6
15. c4 Ne6 16. f4 Bb7 17. fxe5 Nxe5 18. Rad1 Qe8 19. Qc2 f6 20. Nf5 Rf7 21. h3
Qc6 22. Kh2 Re8 23. Ne3 Qa6 24. Qc3 Qa7 25. Nd5 Qa6 26. Bc1 Bc6 27. g4 a4 28.
Be3 Ra8 29. Rc1 axb3 30. axb3 Qb7 31. Ra1 Rff8 32. b4 Rxa1 33. Rxa1 Ra8 34. Rf1
Re8 35. Kg3 Bd7 36. c5 Bb5 37. Ra1 dxc5 38. Bxc5 Ra8 39. Rxa8+ Qxa8 40. Be3 Qd8
41. Kh2 Qd6 42. Kg1 c6 1/2-1/2

[Event "39. Rilton Cup 2009/2010"]
[Site "Stockholm SWE"]
[Date "2009.12.28"]
[Round "2.11"]
[White "Cramling, Pia"]
[Black "Gagarin, Vasilij"]
[Result "1/2-1/2"]
[WhiteElo "2525"]
[BlackElo "2422"]
[PlyCount "131"]
[EventDate "2009.12.27"]
[EventType "swiss"]
[EventRounds "9"]
[EventCountry "SWE"]
[Source "lmi"]
[SourceDate "2009.12.27"]

1. d4 Nf6 2. Nf3 e6 3. c4 Bb4+ 4. Nbd2 d5 5. Qa4+ Nc6 6. a3 Be7 7. e3 O-O 8.
Be2 Re8 9. O-O Bf8 10. b4 g6 11. Bb2 Bg7 12. Rfd1 Bd7 13. Qc2 a6 14. Rac1 Rc8
15. Ne5 dxc4 16. Ndxc4 Qe7 17. Bf3 Nd8 18. e4 Bh6 19. Rb1 Rb8 20. Re1 Bc8 21.
Na5 c6 22. Qc5 Nd7 23. Nxd7 Bxd7 24. Qe5 Rc8 25. d5 f6 26. Qxf6 Qxf6 27. Bxf6
cxd5 28. exd5 b6 29. Nb3 Nf7 30. Nd4 exd5 31. Bxd5 Rxe1+ 32. Rxe1 Rc1 33. Nf3
Rxe1+ 34. Nxe1 Bc1 35. Bd4 Bxa3 36. Nc2 Bc1 37. Bxb6 Bd2 38. Be3 Bc3 39. Bd4
Bd2 40. Bc4 Ba4 41. Ne3 Bxb4 42. Nd5 a5 43. Nf6+ Kg7 44. Nxh7+ Kxh7 45. Bxf7
Bc2 46. f4 a4 47. Kf2 Bd2 48. g3 Bd1 49. Bb2 Bb4 50. Ba2 Bc5+ 51. Ke1 Bg4 52.
Bc3 Kh6 53. Bf6 Bh3 54. Bd5 Bf5 55. Ke2 Bg4+ 56. Bf3 Be6 57. g4 a3 58. h4 a2
59. Kd2 Be7 60. g5+ Kh7 61. Ba1 Bd6 62. Be4 Bxf4+ 63. Kc2 Bg4 64. Kb3 Bg3 65.
Kxa2 Bxh4 66. Bf6 1/2-1/2

[Event "39. Rilton Cup 2009/2010"]
[Site "Stockholm SWE"]
[Date "2009.12.28"]
[Round "2.12"]
[White "Handke, Florian"]
[Black "Svensson, Leif"]
[Result "1-0"]
[WhiteElo "2513"]
[BlackElo "2195"]
[PlyCount "125"]
[EventDate "2009.12.27"]
[EventType "swiss"]
[EventRounds "9"]
[EventCountry "SWE"]
[Source "lmi"]
[SourceDate "2009.12.27"]

1. e4 e5 2. Nf3 Nc6 3. Bb5 a6 4. Ba4 Nf6 5. d3 Bc5 6. Bxc6 dxc6 7. Be3 Bd6 8.
h3 c5 9. Nbd2 b5 10. O-O O-O 11. c3 Re8 12. Nh2 Bf8 13. Qe2 Bb7 14. Rad1 Qd7
15. Nb3 Qc6 16. Na5 Qb6 17. Nxb7 Qxb7 18. Bg5 Qb6 19. Kh1 Nd7 20. Ng4 Qg6 21.
Bc1 Nf6 22. Ne3 Rad8 23. Nf5 Qh5 24. f3 g6 25. Ne3 Qh4 26. Bd2 Nh5 27. Be1 Qg5
28. h4 Ng3+ 29. Bxg3 Qxg3 30. Qe1 Qxe1 31. Rfxe1 Re6 32. Ng4 Red6 33. Nf2 h5
34. g3 Bh6 35. Kg2 f6 36. Kf1 Kf7 37. Ke2 c4 38. dxc4 Rd2+ 39. Kf1 bxc4 40.
Rxd2 Rxd2 41. Re2 Rd6 42. Ke1 a5 43. b3 cxb3 44. axb3 Rb6 45. Rb2 a4 46. b4 c5
47. b5 a3 48. Ra2 Rxb5 49. Rxa3 Bf8 50. Ra7+ Ke6 51. Ra6+ Kf7 52. Nd1 Rb1 53.
g4 Be7 54. gxh5 gxh5 55. Ra7 Ke6 56. Kd2 Rb8 57. Kc2 Rd8 58. Ne3 Rd7 59. Rxd7
Kxd7 60. Nf5 Ke6 61. Nxe7 Kxe7 62. Kb3 Kd6 63. Ka4 1-0

[Event "39. Rilton Cup 2009/2010"]
[Site "Stockholm SWE"]
[Date "2009.12.28"]
[Round "2.13"]
[White "Pohjala, Henri"]
[Black "Berczes, David"]
[Result "1/2-1/2"]
[WhiteElo "2153"]
[BlackElo "2512"]
[PlyCount "105"]
[EventDate "2009.12.27"]
[EventType "swiss"]
[EventRounds "9"]
[EventCountry "SWE"]
[Source "lmi"]
[SourceDate "2009.12.27"]

1. d4 Nf6 2. Nf3 c5 3. c3 d5 4. e3 Qc7 5. Bd3 Nbd7 6. Nbd2 g6 7. O-O Bg7 8.
dxc5 Nxc5 9. Bb5+ Bd7 10. Qe2 O-O 11. Bxd7 Qxd7 12. Rd1 Qc7 13. Nb3 Nce4 14.
Bd2 Nd6 15. Be1 Nc4 16. Qc2 e5 17. Nfd2 Nd6 18. f3 b5 19. Bf2 Rac8 20. e4 d4
21. Rac1 Qb8 22. Qb1 dxc3 23. Rxc3 Rxc3 24. bxc3 Rc8 25. Qd3 Nc4 26. Qe2 Nb2
27. Rc1 Qc7 28. Qxb5 Bh6 29. Rb1 Nc4 30. Nxc4 Qxc4 31. Qxc4 Rxc4 32. Bxa7 Rxc3
33. a4 Rc2 34. a5 Ne8 35. Bb6 Nc7 36. Bxc7 Rxc7 37. a6 Rc2 38. Kh1 Be3 39. h4
Rc3 40. Na5 Rc8 41. Rb5 Bf4 42. g3 Rc1+ 43. Kg2 Rc2+ 44. Kh3 Be3 45. h5 Bg1 46.
hxg6 hxg6 47. Rxe5 Rh2+ 48. Kg4 Ra2 49. Rb5 Kg7 50. e5 Kh6 51. f4 Ra3 52. Nc4
Rxa6 53. Rb1 1/2-1/2

[Event "39. Rilton Cup 2009/2010"]
[Site "Stockholm SWE"]
[Date "2009.12.28"]
[Round "2.15"]
[White "Satonen, Arto"]
[Black "Hammer, Jon Ludvig"]
[Result "0-1"]
[WhiteElo "2177"]
[BlackElo "2588"]
[PlyCount "86"]
[EventDate "2009.12.27"]
[EventType "swiss"]
[EventRounds "9"]
[EventCountry "SWE"]
[Source "lmi"]
[SourceDate "2009.12.27"]

1. e4 e5 2. Nf3 Nc6 3. Nc3 Bc5 4. Nxe5 Nxe5 5. d4 Bd6 6. dxe5 Bxe5 7. Bc4 d6 8.
O-O Be6 9. Bxe6 fxe6 10. Qd3 Nf6 11. f4 Bxc3 12. Qxc3 Qd7 13. e5 Ne4 14. Qb4
Qc6 15. exd6 cxd6 16. Be3 O-O 17. c3 Rf5 18. a4 Raf8 19. Rae1 a5 20. Qb3 d5 21.
g3 Nd6 22. Bd4 Nc4 23. Qc2 Qd7 24. b3 Nd6 25. Bb6 Qc6 26. Bd4 Ne4 27. Qd3 h5
28. c4 h4 29. cxd5 exd5 30. Rc1 Qg6 31. Be5 hxg3 32. Qxd5+ R5f7 33. h3 Qf5 34.
Kg2 Kh7 35. Rc4 Ng5 36. Kxg3 Qxh3+ 37. Kf2 Rd7 38. Qh1 Rd2+ 39. Ke1 Rh2 40. Qg1
Rg2 41. Qh1 Nf3+ 42. Kd1 Nh2 43. Rc3 Qd7+ 0-1

[Event "39. Rilton Cup 2009/2010"]
[Site "Stockholm SWE"]
[Date "2009.12.28"]
[Round "2.16"]
[White "Gleizerov, Evgeny"]
[Black "Andersen, Mads"]
[Result "1-0"]
[WhiteElo "2566"]
[BlackElo "2294"]
[PlyCount "75"]
[EventDate "2009.12.27"]
[EventType "swiss"]
[EventRounds "9"]
[EventCountry "SWE"]
[Source "lmi"]
[SourceDate "2009.12.27"]

1. f4 c5 2. Nf3 g6 3. e3 Bg7 4. d4 Nf6 5. Bd3 O-O 6. O-O Qc7 7. c3 d6 8. Nbd2
Nc6 9. Qe2 Re8 10. dxc5 dxc5 11. e4 e5 12. f5 gxf5 13. exf5 e4 14. Nxe4 Nxe4
15. Bxe4 Bxf5 16. Ng5 Bxe4 17. Nxe4 Qe7 18. Re1 Kh8 19. Bg5 f6 20. Bh4 Ne5 21.
Ng3 Ng6 22. Qxe7 Rxe7 23. Rxe7 Nxe7 24. Rd1 Ng6 25. Nf5 Ne5 26. Bg3 b6 27. Bxe5
fxe5 28. Rd7 Bf8 29. Kf2 a5 30. a4 Re8 31. c4 e4 32. Ke3 Kg8 33. g4 Re6 34. h4
Rg6 35. Kf4 Re6 36. b3 e3 37. Nxe3 Bd6+ 38. Kf3 1-0

[Event "39. Rilton Cup 2009/2010"]
[Site "Stockholm SWE"]
[Date "2009.12.28"]
[Round "2.18"]
[White "Yuneev, Alexey"]
[Black "Bryntze, Stefan"]
[Result "1-0"]
[WhiteElo "2428"]
[BlackElo "2073"]
[PlyCount "41"]
[EventDate "2009.12.27"]
[EventType "swiss"]
[EventRounds "9"]
[EventCountry "SWE"]
[Source "lmi"]
[SourceDate "2009.12.27"]

1. e4 e5 2. Nf3 Nf6 3. d4 d5 4. exd5 e4 5. Ne5 Bd6 6. c4 Nbd7 7. Nxd7 Bxd7 8.
Bg5 h6 9. Bh4 g5 10. Bg3 e3 11. fxe3 Bxg3+ 12. hxg3 Qe7 13. Nc3 O-O-O 14. Qf3
Rhe8 15. Kd2 c5 16. Bd3 Bg4 17. Bf5+ Bxf5 18. Qxf5+ Kb8 19. Rae1 cxd4 20. exd4
Qb4 21. Kc2 1-0

[Event "39. Rilton Cup 2009/2010"]
[Site "Stockholm SWE"]
[Date "2009.12.28"]
[Round "2.19"]
[White "Grochowalski, Pawel"]
[Black "Gorovykh, Eduard"]
[Result "0-1"]
[WhiteElo "2072"]
[BlackElo "2410"]
[PlyCount "66"]
[EventDate "2009.12.27"]
[EventType "swiss"]
[EventRounds "9"]
[EventCountry "SWE"]
[Source "lmi"]
[SourceDate "2009.12.27"]

1. d4 Nf6 2. c4 g6 3. Nc3 Bg7 4. e4 d6 5. Be2 O-O 6. Nf3 Nbd7 7. O-O e5 8. d5
Nh5 9. Re1 Bf6 10. Bf1 Be7 11. Rb1 Ng7 12. Re2 f5 13. Ne1 Nf6 14. h3 f4 15. f3
g5 16. Rf2 Rf7 17. b4 Ngh5 18. Ba3 Ng3 19. Qd3 h5 20. Ne2 Nxe2+ 21. Bxe2 Rg7
22. c5 g4 23. hxg4 hxg4 24. fxg4 Nxg4 25. Bxg4 Bxg4 26. Nf3 Bh4 27. Rc2 Bg3 28.
Rbc1 Rh7 29. b5 Qf6 30. cxd6 Qh6 31. Kf1 cxd6 32. Rc7 Qh1+ 33. Ng1 Bh2 0-1

[Event "39. Rilton Cup 2009/2010"]
[Site "Stockholm SWE"]
[Date "2009.12.28"]
[Round "2.20"]
[White "Cramling, Dan"]
[Black "Markevich, Ilya"]
[Result "1/2-1/2"]
[WhiteElo "2408"]
[BlackElo "2162"]
[PlyCount "62"]
[EventDate "2009.12.27"]
[EventType "swiss"]
[EventRounds "9"]
[EventCountry "SWE"]
[Source "lmi"]
[SourceDate "2009.12.27"]

1. d4 d5 2. c4 e6 3. Nf3 c5 4. cxd5 exd5 5. g3 Nc6 6. Bg2 Nf6 7. O-O Be7 8. Nc3
O-O 9. dxc5 Bxc5 10. Na4 Be7 11. Be3 Re8 12. Rc1 Bg4 13. Nc5 Bxc5 14. Rxc5 Qd6
15. Rc2 Rad8 16. Nd4 Nxd4 17. Qxd4 Qa6 18. Qxa7 Qxa7 19. Bxa7 Bxe2 20. Rfc1 d4
21. Bb6 Rd7 22. Bh3 Rd5 23. Bg2 d3 24. Bxd5 dxc2 25. Bb3 Bd3 26. Be3 Rc8 27. f3
Nd7 28. Kf2 Bg6 29. Bd4 Nc5 30. Bxc5 Rxc5 31. Ke3 Rc7 1/2-1/2

[Event "39. Rilton Cup 2009/2010"]
[Site "Stockholm SWE"]
[Date "2009.12.28"]
[Round "2.21"]
[White "Hobber, Anders"]
[Black "Lindberg, Bengt"]
[Result "0-1"]
[WhiteElo "2132"]
[BlackElo "2407"]
[PlyCount "78"]
[EventDate "2009.12.27"]
[EventType "swiss"]
[EventRounds "9"]
[EventCountry "SWE"]
[Source "lmi"]
[SourceDate "2009.12.27"]

1. d4 Nf6 2. Nf3 e6 3. e3 c5 4. Bd3 b6 5. O-O Bb7 6. Nbd2 Nc6 7. c3 Be7 8. e4
cxd4 9. cxd4 Nb4 10. Bb1 Ba6 11. Re1 Nd3 12. Bxd3 Bxd3 13. d5 Qc8 14. d6 Bd8
15. Re3 Ba6 16. Nd4 Qc5 17. N2b3 Qe5 18. Bd2 Rc8 19. Bc3 Qf4 20. Ne2 Qg4 21. f3
Qg6 22. Bd2 Nh5 23. Rc3 Rxc3 24. bxc3 e5 25. Be3 O-O 26. a4 Bxe2 27. Qxe2 Qxd6
28. a5 Qc6 29. c4 Nf4 30. Bxf4 exf4 31. Kh1 bxa5 32. Nxa5 Qb6 33. Qd2 Bf6 34.
Rd1 Bd8 35. Ra1 Bc7 36. h3 Be5 37. Rd1 Rb8 38. Qd5 Bc3 39. c5 Qxa5 0-1

[Event "39. Rilton Cup 2009/2010"]
[Site "Stockholm SWE"]
[Date "2009.12.28"]
[Round "2.22"]
[White "Kiuttu, Roope"]
[Black "Nithander, Victor"]
[Result "1/2-1/2"]
[WhiteElo "2194"]
[BlackElo "2434"]
[PlyCount "82"]
[EventDate "2009.12.27"]
[EventType "swiss"]
[EventRounds "9"]
[EventCountry "SWE"]
[Source "lmi"]
[SourceDate "2009.12.27"]

1. e4 g6 2. d4 Bg7 3. Nc3 d6 4. Be3 a6 5. Qd2 Nd7 6. h4 h5 7. Nh3 b5 8. Ng5 Bb7
9. a4 b4 10. Bc4 e6 11. Nd1 Rb8 12. O-O Ngf6 13. f3 Qe7 14. Nf2 O-O 15. c3 bxc3
16. bxc3 d5 17. Be2 e5 18. dxe5 Nxe5 19. f4 Nc4 20. Bxc4 dxc4 21. Bd4 Rbd8 22.
Qe2 Nd5 23. Bxg7 Kxg7 24. Qf3 Nf6 25. Rab1 Bc6 26. Rb4 Qc5 27. Qe2 Rd3 28. Rxc4
Qxc4 29. Qxd3 Qxd3 30. Nxd3 Bxe4 31. Nc5 Bd5 32. Re1 Rb8 33. Nxa6 Rb2 34. Nf3
Bxf3 35. gxf3 Nd5 36. c4 Nxf4 37. Nxc7 Ra2 38. Ne8+ Kf8 39. Nd6 Nh3+ 40. Kh1
Nf2+ 41. Kg1 Nh3+ 1/2-1/2

[Event "39. Rilton Cup 2009/2010"]
[Site "Stockholm SWE"]
[Date "2009.12.28"]
[Round "2.24"]
[White "Nguyen, Michael"]
[Black "Von Bahr, Oskar"]
[Result "1-0"]
[WhiteElo "2187"]
[BlackElo "2316"]
[PlyCount "79"]
[EventDate "2009.12.27"]
[EventType "swiss"]
[EventRounds "9"]
[EventCountry "SWE"]
[Source "lmi"]
[SourceDate "2009.12.27"]

1. d4 Nf6 2. c4 g6 3. Nc3 d5 4. Nf3 Bg7 5. Bg5 Ne4 6. cxd5 Nxg5 7. Nxg5 e6 8.
Nf3 exd5 9. b4 Qd6 10. a3 O-O 11. Qb3 c6 12. e3 Re8 13. Be2 Be6 14. O-O Nd7 15.
Rfd1 a5 16. Ne1 b5 17. Nd3 a4 18. Qa2 Nb6 19. Nc5 Ra7 20. Qd2 Bf5 21. Re1 Rae7
22. Rad1 h5 23. h3 h4 24. Bd3 Bxd3 25. Qxd3 Nc4 26. Ra1 f5 27. Ra2 Qf6 28. Rae2
g5 29. Nd1 g4 30. Kh1 Kh8 31. Nb2 Nd6 32. Qd1 Qg5 33. Ncd3 Ne4 34. Rc2 Qh6 35.
hxg4 fxg4 36. Qxg4 Rg8 37. Qh3 Bf6 38. Rxc6 Reg7 39. Rg1 Qg5 40. Qf3 1-0

[Event "39. Rilton Cup 2009/2010"]
[Site "Stockholm SWE"]
[Date "2009.12.28"]
[Round "2.25"]
[White "Jacobsen, Bo"]
[Black "Ask, Josef"]
[Result "1-0"]
[WhiteElo "2306"]
[BlackElo "2183"]
[PlyCount "61"]
[EventDate "2009.12.27"]
[EventType "swiss"]
[EventRounds "9"]
[EventCountry "SWE"]
[Source "lmi"]
[SourceDate "2009.12.27"]

1. c4 g6 2. g3 Bg7 3. Bg2 d6 4. Nc3 e5 5. d3 h6 6. e4 Ne7 7. Be3 c5 8. Qd2 Nbc6
9. Nge2 Be6 10. O-O Qd7 11. Nd5 f5 12. Nec3 g5 13. Nxe7 Nxe7 14. exf5 Nxf5 15.
Rab1 Rb8 16. b4 cxb4 17. Rxb4 b6 18. a4 O-O 19. Rfb1 Rbc8 20. a5 bxa5 21. Rb7
Rc7 22. Rxc7 Qxc7 23. Rb7 Qd8 24. Rxa7 Nd4 25. Bxd4 exd4 26. Nd5 Bxd5 27. Bxd5+
Kh8 28. Rxa5 Qb6 29. Rb5 Qa7 30. Qe2 Qa3 31. Rb7 1-0

[Event "39. Rilton Cup 2009/2010"]
[Site "Stockholm SWE"]
[Date "2009.12.28"]
[Round "2.29"]
[White "Gromova, Iulia"]
[Black "Adahl, Mattias"]
[Result "1-0"]
[WhiteElo "2222"]
[BlackElo "2133"]
[PlyCount "95"]
[EventDate "2009.12.27"]
[EventType "swiss"]
[EventRounds "9"]
[EventCountry "SWE"]
[Source "lmi"]
[SourceDate "2009.12.27"]

1. d4 d5 2. c4 c6 3. Nf3 Nf6 4. Nc3 a6 5. cxd5 cxd5 6. Bf4 b5 7. e3 Nh5 8. Bg5
h6 9. Bh4 g5 10. Ne5 Nf6 11. Bg3 Bf5 12. Rc1 Bg7 13. Be2 O-O 14. h4 b4 15. hxg5
hxg5 16. Na4 Ne4 17. Bd3 f6 18. Ng4 Nxg3 19. fxg3 Bxd3 20. Qxd3 f5 21. Nh6+
Bxh6 22. Rxh6 Kg7 23. Rh5 Qd6 24. Kf2 Qg6 25. Rch1 Nd7 26. Nc5 Nf6 27. Ne6+ Kf7
28. Nxf8 Rxf8 29. Rh8 Rxh8 30. Rxh8 Ne4+ 31. Kg1 Qd6 32. Qf1 Qf6 33. Rc8 Nxg3
34. Qf3 Qe6 35. Rd8 f4 36. Qxd5 Qxd5 37. Rxd5 fxe3 38. Rxg5 Ne2+ 39. Kf1 Nxd4
40. Re5 e2+ 41. Ke1 Kf6 42. Re4 e5 43. Rxd4 exd4 44. Kxe2 Ke5 45. Kd3 a5 46. g3
a4 47. g4 b3 48. a3 1-0

[Event "39. Rilton Cup 2009/2010"]
[Site "Stockholm SWE"]
[Date "2009.12.28"]
[Round "2.30"]
[White "Evertsson, Lennart"]
[Black "Kopasov, Alexander"]
[Result "0-1"]
[WhiteElo "2159"]
[BlackElo "2221"]
[PlyCount "88"]
[EventDate "2009.12.27"]
[EventType "swiss"]
[EventRounds "9"]
[EventCountry "SWE"]
[Source "lmi"]
[SourceDate "2009.12.27"]

1. d4 Nf6 2. c4 e6 3. Nf3 b6 4. g3 Ba6 5. b3 d5 6. cxd5 exd5 7. Bg2 Bb4+ 8. Bd2
Bd6 9. Nc3 O-O 10. O-O Re8 11. Re1 Nbd7 12. Nh4 c6 13. Qc2 Rc8 14. Nf5 Bf8 15.
Rad1 b5 16. Bg5 h6 17. Bc1 b4 18. Na4 c5 19. dxc5 Nxc5 20. Nxc5 Bxc5 21. Qb2
Qb6 22. e3 Qe6 23. Nd4 Qd7 24. Qa1 Ne4 25. Bb2 Bb7 26. Rc1 a5 27. Qb1 Rc7 28.
Qd3 Rec8 29. Ne2 Qf5 30. Nf4 g5 31. Bh3 g4 32. Bg2 Bd6 33. Rxc7 Bxc7 34. Qd4 f6
35. Bxe4 Qxe4 36. Qxf6 d4 37. Qe6+ Qxe6 38. Nxe6 d3 39. Rd1 Be5 40. Nd4 Bxd4
41. exd4 Rc2 42. Rxd3 Rxb2 43. d5 Rb1+ 44. Kg2 Ba6 0-1